Dictionary of food science and nutrition

Bibliographic Details
Format: Book
Published: London : A & C Black Publishers , 2006
Subjects:

MARC

LEADER 00000cam a2200000 7i4500
001 0000026078
005 20090416.0
008 090416
020 |a 0713677848 
090 0 0 |a 413   |b DIC 
245 1 0 |a Dictionary of food science and nutrition 
260 |a London :   |b A & C Black Publishers ,   |c 2006 
650 0 |a Food science   |x dictionaries 
650 0 |a Nutrition   |x dictionaries 
999 |a 0001039298   |b Book   |c Adult Collection   |e Cawangan AEON Kulaijaya